000 01660cam a22003974i 4500
003 PE-LiUPU
005 20250731183409.0
008 171204s2013 sp a r0 000 0 spa d
020 _a9788415289566
035 _a(Sirsi) a240273
040 _aPE-LiUPU
_bspa
_cPE-LiUPU
_erda
049 _aPRUA
082 0 4 _a720.1
_bL11
_223
245 0 3 _aLa arquitectura y el tiempo :
_bpatrimonio, memoria, contemporaneidad /
_cJuan Calatrava (editor).
264 1 _aMadrid :
_bAbada Editores,
_c2013.
300 _a493 páginas :
_bilustraciones ;
_c24 centímetros.
336 _atext
_2rdacontent
337 _aunmediated
_2rdamedia
338 _avolume
_2rdacarrier
490 0 _aLecturas. Serie Ha. del arte y de la arquitectura
505 0 _aLa catedral y el automóvil -- El paisaje de la memoria -- Una proximación gráfica a la génesis del carmen de la fundación Rodríguez-Acosta -- Hogar cristiano y agrarismo -- Granada -- Los modos de protección de la arquitectura contemporánea.
526 _aP158
526 _aP146
526 _aP17
526 _aP12
526 _aP06
526 8 _iPrograma académico :
_5PE-LiUPU
541 _g003-1758;
650 1 7 _aArquitectura
_xFilosofía
_2embne
650 2 7 _aArquitectura y sociedad
_2embne
700 1 _aCalatrava, Juan,
_eeditor.
910 _adbm
_bksl
_cksl
_d20171204
596 _a1
942 _2ddc
_cBOOK
999 _a720.1 L11
_wLC
_c25939
_i77384
_f2021-11-9
_g4
_lCCODEBUL1
_mBUL
_p35.98
_r0
_sY
_tBOOK
_u2017-12-4
_xINGENIERIA
_PP06
_0COMPRA
_o.STAFF. Colección Ingeniería y Arquitectura
_d25939
980 _81
_gALBERTO SANCHEZ Responsable de Automatización